000 00827nam a22002897a 4500
001 BR2010000723
003 BR-BrBNA
005 20230928103158.0
007 ta
008 230509b bl.||||| |||| 00| 0 por d
040 _aBR-BrBNA
_bpor
_cBiblioteca Nacional de Agricultura
041 _a(Por)
072 _aL10
_b5213
090 _ 5213 BR2010000723
110 1 _aAssociação Brasileira dos Criadores de Zebu, Uberaba, MG (Brasil)
245 1 _aManual do Serviço Genealógico das Raças Zebuínas e PMGZ
260 3 _aUberaba, MG (Brasil):
_c2009.
300 _a190 p.
650 _aGADO ZEBU
650 _aGADO DE CORTE
650 _aRAÇA
650 _aREGISTRO GENEALÓGICO
650 _aCERTIFICAÇÃO DE PRODUTO
650 _aGENÉTICA ANIMAL
909 _a202309
_bLucia
_c55
_dLucia Elande
942 _cBK
999 _c74034
_d74034